| Tag |
First Indicator |
Second Indicator |
Subfields |
| LEADER |
00000cam a2200000 4500 |
| 001 |
in00000087995 |
| 005 |
20151008064943.0 |
| 008 |
720713s1930 nyuc 00010 eng |
| 010 |
|
|
|a 31009920
|
| 035 |
|
|
|a (OCoLC)00355576
|
| 035 |
|
|
|9 AAK5094AM
|
| 040 |
|
|
|a DLC
|c WSU
|d OCL
|d m.c.
|d TXA
|d UtOrBLW
|
| 049 |
|
|
|a TXAM
|c 1 [909388], 2 [367338]
|
| 050 |
0 |
0 |
|a PR4161.B6
|b T4 1930
|
| 100 |
1 |
|
|a Bridges, Robert,
|d 1844-1930.
|
| 245 |
1 |
4 |
|a The testament of beauty :
|b a poem in four books /
|c by Robert Bridges, poet laureate.
|
| 264 |
|
1 |
|a New York :
|b Oxford University Press,
|c 1930.
|
| 300 |
|
|
|a 4 pages ., 175 pages, 1 :
|b frontispiece (portrait) ;
|c 23 cm.
|
| 336 |
|
|
|a text
|b txt
|2 rdacontent
|
| 337 |
|
|
|a unmediated
|b n
|2 rdamedia
|
| 338 |
|
|
|a volume
|b nc
|2 rdacarrier
|
| 500 |
|
|
|a "Publisher's note on the text": 1 leaf at end.
|
| 999 |
|
|
|a MARS
|
| 999 |
f |
f |
|s 4feb9169-796e-37b6-90ff-3f1b9b70599d
|i 2a9a3c5d-26df-3826-86a0-07073022e2a1
|t 0
|
| 952 |
f |
f |
|p ric
|a Texas A&M University
|b Rellis Campus
|c Joint Library Facility
|s JLF
|d Remote Storage
|t 0
|e PR4161.B6 T4 1930
|h Library of Congress classification
|i unmediated -- volume
|m A14806184710
|
| 998 |
f |
f |
|a PR4161.B6 T4 1930
|t 0
|l Remote Storage
|